LEADER 03588oas 2201261 a 450 001 9910143514203321 005 20260218113033.0 011 $a1550-7416 035 $a(DE-599)ZDB2170248-2 035 $a(OCoLC)55603053 035 $a(CONSER) 2004212722 035 $a(CKB)111088197764384 035 $a(DE-599)2170248-2 035 $a(EXLCZ)99111088197764384 100 $a20040607a20049999 sy a 101 0 $aeng 135 $aurcnu|||||||| 181 $ctxt$2rdacontent 182 $cc$2rdamedia 183 $acr$2rdacarrier 200 04$aThe AAPS journal 210 $aArlington, Va., USA $cAmerican Association of Pharmaceutical Scientists$d2003- 300 $aRefereed/Peer-reviewed 300 $aTitle from issue caption (publisher's Web site, viewed August 16, 2004). 517 1 $aAAPSJ 517 3 $aAmerican Association of Pharmaceutical Scientists journal 531 10$aAAPS J 606 $aDrug delivery systems$vPeriodicals 606 $aPharmaceutical technology$vPeriodicals 606 $aDrugs$xAdministration$vPeriodicals 606 $aPharmaceutical Preparations 606 $aDrug Therapy 606 $aTechnology, Pharmaceutical 606 $aMe?dicaments$xAdministration$xDispositifs$vPe?riodiques 606 $aTechniques pharmaceutiques$vPe?riodiques 606 $aMe?dicaments$xAdministration$vPe?riodiques 606 $aDrug delivery systems$2fast$3(OCoLC)fst00898667 606 $aDrugs$xAdministration$2fast$3(OCoLC)fst00898763 606 $aPharmaceutical technology$2fast$3(OCoLC)fst01060211 606 $aTecnologia farmacèutica$2thub 606 $aDispositius d'administració de medicaments$2thub 606 $aFormes farmacèutiques$2thub 608 $aPeriodical. 608 $aFulltext. 608 $aPeriodicals. 608 $aPeriodicals.$2fast 608 $aPeriodicals.$2lcgft 608 $aRevistes electròniques.$2thub 615 0$aDrug delivery systems 615 0$aPharmaceutical technology 615 0$aDrugs$xAdministration 615 12$aPharmaceutical Preparations. 615 22$aDrug Therapy. 615 22$aTechnology, Pharmaceutical. 615 6$aMe?dicaments$xAdministration$xDispositifs 615 6$aTechniques pharmaceutiques 615 6$aMe?dicaments$xAdministration 615 7$aDrug delivery systems. 615 7$aDrugs$xAdministration. 615 7$aPharmaceutical technology. 615 7$aTecnologia farmacèutica. 615 7$aDispositius d'administració de medicaments. 615 7$aFormes farmacèutiques. 676 $a615 712 02$aAmerican Association of Pharmaceutical Scientists, 801 0$bNSD 801 1$bNSD 801 2$bNLM 801 2$bSBH 801 2$bCUS 801 2$bNSD 801 2$bDLC 801 2$bCDS 801 2$bOCLCQ 801 2$bCUS 801 2$bMUQ 801 2$bVRC 801 2$bOCLCQ 801 2$bCUS 801 2$bBUF 801 2$bOCLCF 801 2$bOCLCQ 801 2$bOCLCO 801 2$bOCLCQ 801 2$bCASUM 801 2$bOCLCA 801 2$bOCLCO 801 2$bOCLCA 801 2$bOCLCQ 801 2$bZ5A 801 2$bOCLCQ 801 2$bAU@ 801 2$bUKMGB 801 2$bOCLCA 801 2$bOCLCQ 801 2$bBWN 801 2$bUBY 801 2$bOCLCQ 801 2$bUEJ 801 2$bSFB 801 2$bOCLCQ 801 2$bAUD 801 2$bOCLCL 801 2$bOCLCQ 906 $aJOURNAL 912 $a9910143514203321 996 $aThe AAPS journal$92274527 997 $aUNINA